Prieskum možností použitia patentovaných údajov o štruktúrach látok typu 2,6-dialkylanilínov s predpokladaným pesticídnym účinkom s cieľom navrhnúť nové účinné látky metódou zhlukovej analýzy QSAR ; J. Šustek, P. Záhradník, D. Loos, P. Ertl

Bibliographic Details
Main Authors: Šustek, J. (Author), Zahradník, Pavol, 1944- (Author), Loos, Dušan (Author), Ertl, P. (Author)
Format: Article
Language:Slovak
Subjects:

MARC

LEADER 00000nab a2200000 a 4500
001 vtls000447138
003 SK-MaSNL
005 20260304234627.0
008 120926c1989 xo 0 slo
015 |a SNBRA19rr/mm-uuuuu 
035 |a CL0447269 
040 |a SNKBUCL  |b slo  |c SNKBUCL  |e AACR2 
041 0 |a slo 
044 |a xo  |c SK 
080 |a 632.954.02  |2 1981 
245 0 0 |a Prieskum možností použitia patentovaných údajov o štruktúrach látok typu 2,6-dialkylanilínov s predpokladaným pesticídnym účinkom s cieľom navrhnúť nové účinné látky metódou zhlukovej analýzy QSAR ; J. Šustek, P. Záhradník, D. Loos, P. Ertl 
650 0 7 |a pesticídy  |2 snkbucl  |9 4061 
650 0 7 |a dialkylaniliny  |2 snkbucl  |9 1571323 
650 0 7 |a metóda QSAR  |2 snkbucl  |9 1571324 
655 7 |a články zo zborníkov  |2 snkbucl  |9 166140 
700 1 |a Šustek, J.  |4 aut  |9 1186873 
700 1 |a Zahradník, Pavol,  |d 1944-  |4 aut  |9 112869 
700 1 |a Loos, Dušan  |4 aut  |9 39776 
700 1 |a Ertl, P.  |4 aut  |9 1189302 
773 0 |t Nové smery vo výskume, výrobe a použití prípravkov na ochranu rastlín 2  |d Bratislava : Dom techniky ČSVTS, 1989 
850 |a Slovenská národná knižnica v Martine  |a MTA001 
852 |a SNK  |b KIS3GCP 
958 |a RK 
992 |a RZB 
999 |c 3204949  |d 3206879